| 000 | 00635nam a2200217 a 4500 | ||
|---|---|---|---|
| 008 | |||
| 020 | _a0582093805 (pbk.) | ||
| 049 | _aMAIN | ||
| 090 |
_aQC145.2 _bDOU |
||
| 100 | 1 | _aDouglas, J. F. | |
| 245 | 1 | 0 |
_aSolving problems in fluid mechanics. _nvolume 1 / _cJ. F. Douglas. |
| 260 |
_aHarlow : _bLongman, _c1986. |
||
| 300 |
_axvi, 263p. : _bill. ; _c25 cm. |
||
| 500 | _aIncludes indexes. | ||
| 650 | 0 |
_aFluid mechanics _xProblems, exercises, etc |
|
| 907 |
_a.b10108142 _b10-11-16 _c27-01-04 |
||
| 003 | |||
| 005 | 20230123134244.0 | ||
| 040 | _cNUST | ||
| 942 |
_cBOOKS _kQC145.2 _mDOU |
||
| 999 |
_c162739 _d162739 |
||